Lekce lásky /

Hlavní autor: Rhee, Dena
Další autoři: Kunst, Petr
Jazyk: Čeština
Vydáno: Praha : I. Železný, 1995
Vydání: Vyd. 1.
Edice: Lásky
Žhavé lásky
Témata:
Fyzický popis: 123 s. ; 18 cm
Knihy
Uloženo v:
LEADER 01168nam a2200361 a 4500
001 000019133
003 CZ BrMZK
005 20220217124701.0
007 ta
008 950313s1995 xr g j cze d
015 |a cnb000093875 
020 |a 80-237-1935-1 
040 |a BOA001  |b cze 
041 1 |a cze  |h ger 
072 7 |a 821.112.2-3  |x Německá próza, německy psaná  |2 Konspekt  |9 25 
080 |a 821.112.2-32  |2 MRF 
080 |a (0:82-322.5)  |2 MRF 
100 1 |a Rhee, Dena  |4 aut 
245 1 0 |a Lekce lásky /  |c Dena Rheeová ; z německého originálu přeložil Petr Kunst 
250 |a Vyd. 1. 
260 |a Praha :  |b I. Železný,  |c 1995 
300 |a 123 s. ;  |c 18 cm 
490 1 |a Lásky ;  |v 154 
490 1 |a Žhavé lásky ;  |v 52 (B 7/95) 
655 7 |a německé povídky  |7 fd132942  |2 czenas 
655 7 |a milostné povídky  |7 fd132834  |2 czenas 
700 1 |a Kunst, Petr  |7 jx20040720109  |4 trl 
765 0 |t Ich wünsch' mir so, dass du mich liebst  |9 Česky 
830 0 |a Lásky 
830 0 |a Žhavé lásky 
910 |a BOA001  |b 1-1007.760 
990 |a BK 
996 6 |b 2610019756  |c 1-1007.760  |l MZK  |r Sklad / do 1 hodiny  |n 2  |p p.v.  |w 000019133  |u 000010  |a 1  |e BOA001  |j MZK50  |s P